| 000 | 00619nam a2200229Ia 4500 | ||
|---|---|---|---|
| 005 | 20260429112127.0 | ||
| 008 | 260429s9999||||xx |||||||||||||| ||und|| | ||
| 020 | _a9781041037224 | ||
| 041 | _aEnglish | ||
| 082 |
_a305.8 _bBAT |
||
| 100 | _aBates, Daniel | ||
| 245 | 0 |
_aHuman adaptive strategies : _ban ecological introduction to anthropology / _cDaniel Bates |
|
| 250 | _a1st ed. | ||
| 260 |
_aNew York : _bRoutledge, _c2025. |
||
| 300 | _axvii, 254 p.; pbk | ||
| 650 | _a Ecology | ||
| 650 | _a Human | ||
| 650 | _aAnthropology | ||
| 700 | _a Lozny, Ludomir | ||
| 700 | _a Tucker, Judith | ||
| 942 | _cTB | ||
| 999 |
_c52485 _d52485 |
||